[Event "Twente Young Master op-D"]
[Site "Twente"]
[Date "2007.08.10"]
[Round "12"]
[White "Eilers, Jolien"]
[Black "Vlaar, Tiffany"]
[Result "0-1"]
[WhiteElo "1055"]
[BlackElo "1187"]
[PlyCount "92"]
[EventDate "2007.08.06"]
[EventType "swiss"]
[EventRounds "13"]
[EventCountry "NED"]
[SourceTitle "EXT 2008"]
[Source "ChessBase"]
[SourceDate "2007.11.25"]
[SourceVersion "1"]
[SourceVersionDate "2007.11.25"]
[SourceQuality "1"]

1. e3 Nf6 2. Nf3 Nc6 3. Nc3 d5 4. d4 Bg4 5. h3 Bf5 6. Bd3 Bxd3 7. Qxd3 e6 8. Qb5 Rb8 9. Ne5 Qd6 10. Nxc6 Qxc6 11. Bd2 a6 12. Qxc6+ bxc6 13. f3 Bb4 14. a3 Bd6 15. e4 e5 16. exd5 cxd5 17. Be3 0-0 18. 0-0 Rxb2 19. Ra2 Rfb8 20. Rxb2 Rxb2 21. f4 e4 22. Rb1 Rxb1+ 23. Nxb1 c6 24. g4 h6 25. h4 Nxg4 26. Bd2 f5 27. Kg2 Nf6 28. Be3 Nh5 29. Nd2 Bxa3 30. Nb1 Bd6 31. Nc3 Bxf4 32. Nd1 Bxe3 33. Nxe3 g6 34. c4 Nf6 35. c5 a5 36. Nc2 f4 37. Kf2 Ng4+ 38. Ke2 f3+ 39. Kf1 e3 40. Kg1 e2 41. Kh1 f2 42. Kg2 f1Q+ 43. Kg3 e1Q+ 44. Kxg4 Qe4+ 45. Kg3 Qg1+ 46. Kh3 Qgg2# 0-1

[Event "Twente Young Master op-D"]
[Site "Twente"]
[Date "2007.08.07"]
[Round "3"]
[White "Skandar, Nilofar"]
[Black "Eilers, Jolien"]
[Result "1-0"]
[WhiteElo "1276"]
[BlackElo "1055"]
[PlyCount "43"]
[EventDate "2007.08.06"]
[EventType "swiss"]
[EventRounds "13"]
[EventCountry "NED"]
[SourceTitle "EXT 2008"]
[Source "ChessBase"]
[SourceDate "2007.11.25"]
[SourceVersion "1"]
[SourceVersionDate "2007.11.25"]
[SourceQuality "1"]

1. e4 e5 2. Nf3 Nc6 3. Bc4 Bc5 4. Nc3 Nf6 5. 0-0 0-0 6. d3 d6 7. Bg5 h6 8. Bh4 Bg4 9. h3 Bh5 10. Nd5 Nd4 11. Nxf6+ gxf6 12. Kh1 Nxf3 13. gxf3 Kh8 14. Qd2 Bxf3+ 15. Kh2 Kh7 16. Rg1 Rg8 17. Bxf7 Rxg1 18. Rxg1 Qe7 19. Bg6+ Kg7 20. Bh5+ Kf8 21. Qxh6+ Qg7 22. Qxg7# 1-0